2015 FIFA Women's World Cup Quiz - Statistics

General Stats
  • This quiz has been taken 311 times
  • The average score is 19 of 24
Answer Stats
Group Team % Correct
Group D United States
100%
Group A China
95%
Group B Germany
95%
Group C Japan
95%
Group F France
93%
Group E Brazil
92%
Group F England
92%
Group A Canada
91%
Group D Sweden
91%
Group E Spain
90%
Group D Australia
87%
Group B Norway
87%
Group A Netherlands
84%
Group F Mexico
81%
Group E South Korea
77%
Group A New Zealand
73%
Group D Nigeria
71%
Group F Colombia
70%
Group C Switzerland
64%
Group C Cameroon
57%
Group B Thailand
50%
Group E Costa Rica
45%
Group B Côte d’Ivoire
45%
Group C Ecuador
43%
No matching quizzes found
Score Distribution
Percent of People with Each Score
Percentile by Number Answered
Your Score History
You have not taken this quiz